000 00424cam a22001457a 4500
020 _a9712201880
040 _cOSU
082 _a191 IRR 2003 A002 Or.
245 1 0 _aHybrid rice for food security, poverty alleviation, and environmental protection /
260 _aMetro Manila, Philippines :
_bIRRI,
_c2003.
300 _aviii, 407 p. :
_bill. (some col.) ;
_c23 cm.
650 0 _aHybrid rice
650 0 _aRice
942 _cEK
999 _c15810
_d15810